[Event "Roncana op-A 8th"]
[Site "Santa Eulalia de Roncana"]
[Date "2014.11.01"]
[Round "3"]
[White "Vizcaino Marin, Jose Luis"]
[Black "Oset Teixidor, Guerau"]
[Result "1/2-1/2"]
[WhiteElo "2030"]
[BlackElo "2105"]
[PlyCount "126"]
[EventDate "2014.10.11"]
[EventType "swiss"]
[EventRounds "8"]
[EventCountry "ESP"]
[SourceTitle "CBM 163 Extra"]
[Source "ChessBase"]
[SourceDate "2014.12.23"]
[SourceVersion "1"]
[SourceVersionDate "2014.12.23"]
[SourceQuality "1"]

1. d4 d5 2. a3 Nf6 3. Nf3 g6 4. e3 Bg7 5. Be2 0-0 6. 0-0 Nbd7 7. c4 dxc4 8. Bxc4 Nb6 9. Be2 Be6 10. Nbd2 Rc8 11. b4 Bd7 12. b5 Nfd5 13. Bb2 c6 14. a4 c5 15. a5 Na8 16. Qb3 Be6 17. Ng5 Nf4 18. Bc4 Bxc4 19. Nxc4 Ne2+ 20. Kh1 cxd4 21. Nf3 Qd5 22. Ncd2 Qxb3 23. Nxb3 dxe3 24. Bxg7 Kxg7 25. Rfe1 Nc3 26. Rxe3 Nxb5 27. Rxe7 Rc7 28. Rae1 Kf6 29. R7e5 a6 30. h3 Rfc8 31. Re8 Rc3 32. Nbd2 Rxe8 33. Rxe8 Rc1+ 34. Kh2 Nac7 35. Ne4+ Kg7 36. Rb8 Rc4 37. Ned2 Ra4 38. Rxb7 Rxa5 39. Nc4 Ra2 40. Kg3 a5 41. Nd6 Nxd6 42. Rxc7 Nf5+ 43. Kf4 Rxf2 44. Ra7 Rxg2 45. Rxa5 Rf2 46. Ke4 Nd6+ 47. Kf4 h6 48. h4 Nf5 49. Ke4 Rxf3 50. Kxf3 Nxh4+ 51. Kg4 Nf5 52. Ra7 Nd4 53. Rb7 h5+ 54. Kg5 Ne6+ 55. Kh4 Kf6 56. Rb6 Kg7 57. Rb7 Nf4 58. Kg5 Ng2 59. Ra7 h4 60. Kg4 g5 61. Kxg5 h3 62. Kg4 h2 63. Ra1 Ne3+ 1/2-1/2

[Event "Roncana op-A 7th"]
[Site "Santa Eulalia de Roncana"]
[Date "2013.11.16"]
[Round "6"]
[White "Barea Serra, Josep"]
[Black "Vizcaino Marin, Jose Luis"]
[Result "0-1"]
[WhiteElo "1860"]
[BlackElo "1892"]
[PlyCount "100"]
[EventDate "2013.10.05"]
[EventType "swiss"]
[EventRounds "8"]
[EventCountry "ESP"]
[SourceTitle "CBM 157 Extra"]
[Source "ChessBase"]
[SourceDate "2013.12.19"]
[SourceVersion "1"]
[SourceVersionDate "2013.12.19"]
[SourceQuality "1"]

1. Nf3 d5 2. b3 Bf5 3. Bb2 e6 4. e3 Nf6 5. c4 c6 6. Be2 h6 7. 0-0 Bd6 8. Nc3 Nbd7 9. cxd5 exd5 10. d4 0-0 11. Bd3 Bxd3 12. Qxd3 Re8 13. h3 Ne4 14. Nd2 Ndf6 15. Ncxe4 Nxe4 16. Nxe4 Rxe4 17. f3 Re6 18. e4 Rg6 19. e5 Qg5 20. Rf2 Be7 21. f4 Qg3 22. Qxg3 Rxg3 23. Raf1 a5 24. Kh2 Rd3 25. Rf3 Rd2 26. R1f2 Rxf2 27. Rxf2 a4 28. bxa4 Rxa4 29. Ba1 Rc4 30. Kg3 Bb4 31. Kg4 b5 32. Kf5 Be7 33. Re2 g6+ 34. Kg4 h5+ 35. Kf3 Bb4 36. Ke3 Kf8 37. Kd3 Ke7 38. Rc2 Ke6 39. Bc3 Be7 40. Bd2 Kf5 41. Rc1 Bh4 42. Rg1 Bf2 43. Ra1 Bg3 44. Rf1 Ke6 45. Rf3 Bh4 46. g3 Be7 47. g4 hxg4 48. hxg4 Ra4 49. f5+ gxf5 50. gxf5+ Kd7 0-1

[Event "Maresme op 8th"]
[Site "Maresme"]
[Date "2011.10.22"]
[Round "5"]
[White "Vizcaino Marin, Jose Luis"]
[Black "Asensio Linan, Teodoro"]
[Result "0-1"]
[WhiteElo "1866"]
[BlackElo "2163"]
[PlyCount "59"]
[EventDate "2011.09.24"]
[EventType "swiss"]
[EventRounds "9"]
[EventCountry "ESP"]
[SourceTitle "EXT 2013"]
[Source "ChessBase"]
[SourceDate "2012.11.22"]
[SourceVersion "1"]
[SourceVersionDate "2012.11.22"]
[SourceQuality "1"]

1. d4 Nf6 2. Nf3 e6 3. Bf4 b6 4. e3 Be7 5. Nbd2 Nh5 6. Bg3 Nxg3 7. hxg3 d6 8. c3 Bb7 9. Qa4+ Bc6 10. Bb5 Qd7 11. Bxc6 Qxc6 12. Qc2 g6 13. 0-0-0 Nd7 14. e4 0-0-0 15. Rhe1 e5 16. d5 Qb7 17. c4 h5 18. Re3 Rdf8 19. b4 Nf6 20. Rc3 Ng4 21. Nb3 f5 22. Rd2 Rhg8 23. c5 fxe4 24. cxb6 Qxb6 25. Rc6 Qxb4 26. Kb2 exf3 27. gxf3 Rxf3 28. Rxc7+ Kb8 29. a3 Rxb3+ 30. Ka2 0-1

[Event "Maresme op 8th"]
[Site "Maresme"]
[Date "2011.10.08"]
[Round "3"]
[White "Claus Armengol, David"]
[Black "Vizcaino Marin, Jose Luis"]
[Result "0-1"]
[WhiteElo "1811"]
[BlackElo "1866"]
[PlyCount "78"]
[EventDate "2011.09.24"]
[EventType "swiss"]
[EventRounds "9"]
[EventCountry "ESP"]
[SourceTitle "EXT 2013"]
[Source "ChessBase"]
[SourceDate "2012.11.22"]
[SourceVersion "1"]
[SourceVersionDate "2012.11.22"]
[SourceQuality "1"]

1. e4 c5 2. Nf3 d6 3. d4 cxd4 4. Nxd4 Nf6 5. Nc3 a6 6. Bg5 e6 7. f4 Be7 8. Be2 Qc7 9. Qd2 Nc6 10. a3 0-0 11. h3 Nxd4 12. Qxd4 b5 13. Qe3 Bb7 14. Bd3 Rfd8 15. Qg3 e5 16. Bh6 Ne8 17. 0-0 Bf6 18. Rf2 exf4 19. Bxf4 Bd4 20. Be3 Be5 21. Bf4 Qe7 22. Raf1 f6 23. Nd5 Bxd5 24. Bxe5 dxe5 25. exd5 Nd6 26. Rxf6 e4 27. Be2 Kh8 28. R6f4 h6 29. Bg4 Qa7+ 30. Kh1 Qd4 31. Be6 Qxb2 32. Qg6 e3 33. Qd3 Qe5 34. R4f3 Nc4 35. Rf5 Qd6 36. Rf7 Ne5 37. Qxe3 Nxf7 38. Rxf7 Rf8 39. g3 Rae8 0-1